000 00557nam a2200205Ia 4500
003 0100
008 130227s9999 xx 000 0 und d
040 _cARRUPELIB
050 _aRB155.E56 1999
100 _aStock, Gregory
245 _aEngineering the Human Germline
245 _bAn Exploration of the Science and Ethics of Altering the Genes we pass to our Children
260 _aNew York
260 _bOxford university Press
260 _C2000
300 _avii
300 _b 169p. 25cm.
650 _bPhilosophy, African
942 _2lcc
_02
999 _c7311
_d7311